| 000 | 00466nam a22001457a 4500 | ||
|---|---|---|---|
| 003 | MACL | ||
| 005 | 20170622124957.0 | ||
| 008 | 170622b xxu||||| |||| 00| 0 eng d | ||
| 040 | _cMACL | ||
| 100 |
_aवर्मा, राजीव _967730 |
||
| 245 | _aबच्चों के नाटक | ||
| 260 |
_aदिल्ली _b सुरूचि साहित्य _c2016 |
||
| 650 |
_aबाल साहित्य _955186 |
||
| 942 |
_2ddc _cHIN |
||
| 999 |
_c56626 _d56626 |
||